[Event "World Blitz 2025"]
[Site "Doha QAT"]
[Date "2025.12.29"]
[Round "8.74"]
[White "Cunha, Lucas Aguiar"]
[Black "Materia, Marco"]
[Result "0-1"]
[WhiteTitle "FM"]
[BlackTitle "IM"]
[WhiteElo "2263"]
[BlackElo "2497"]
[WhiteFideId "2125404"]
[BlackFideId "45150451"]
[EventDate "2025.12.29"]

1. e4 c5 2. Nf3 e6 3. d4 cxd4 4. Nxd4 Nc6 5. Nc3 Qc7 6. Ndb5 Qb8 7. Be3 a6 8.
Bb6 axb5 9. Nxb5 Bb4+ 10. c3 Ba5 11. Nd6+ Kf8 12. Bc5 b6 13. Be3 Nf6 14. Bb5 Ba6
15. a4 Ne5 16. O-O Ke7 17. Bxa6 Qxd6 18. Qxd6+ Kxd6 19. Bb5 Ke7 20. b4 Nxe4 21.
bxa5 bxa5 22. Bd4 f6 23. Rfe1 d5 24. f3 Nd6 25. f4 Ng6 26. g3 Rhc8 27. Bd3 Kf7
28. Rab1 Rab8 29. Ba6 Re8 30. Bb6 Ne4 31. Bxa5 Ra8 32. Rb7+ Re7 33. Rb6 Rea7 34.
Bb7 Rxa5 35. Bxa8 Rxa8 36. Ra1 Nxc3 37. a5 d4 38. a6 Ne7 39. Rb7 d3 40. Rd7 Nd5
41. a7 Ke8 42. Rb7 Nc6 43. Kf2 Nde7 44. Ke3 Kd8 45. Kxd3 Kc8 46. Rab1 Rxa7 47.
Rxa7 Nxa7 48. Ke4 Nac6 49. Rd1 Nd5 50. Rd3 f5+ 51. Kf3 Kd7 52. g4 g6 53. gxf5
gxf5 54. Ra3 Nd4+ 55. Kg3 Ne2+ 56. Kf3 Nd4+ 57. Kg3 h5 58. Ra2 Ke7 59. Rf2 Kf6
60. Kh4 Kg6 61. Kg3 Nc6 62. Rc2 Ncb4 63. Rc8 Nd3 64. Rg8+ Kf7 65. Rh8 N3xf4 66.
Rh7+ Kf6 67. Kf3 e5 68. Rh6+ Kg5 69. Rh8 e4+ 70. Kg3 Ne2+ 71. Kf2 Nec3 72. Ke1
e3 73. Rg8+ Kf4 74. Rg7 Nb4 75. Kf1 e2+ 0-1

[Event "World Blitz 2025"]
[Site "Doha QAT"]
[Date "2025.12.29"]
[Round "8.75"]
[White "Nikitenko, Mihail"]
[Black "Rodrigue-Lemieux, Shawn"]
[Result "1/2-1/2"]
[WhiteTitle "GM"]
[BlackTitle "GM"]
[WhiteElo "2476"]
[BlackElo "2517"]
[WhiteFideId "13506862"]
[BlackFideId "2620049"]
[EventDate "2025.12.29"]

1. e3 c5 2. Nf3 Nc6 3. c4 Nf6 4. Nc3 a6 5. b3 g6 6. Bb2 Bg7 7. g3 O-O 8. Bg2 d6
9. O-O Rb8 10. d3 b5 11. Qe2 e6 12. Rfd1 b4 13. Ne4 Nxe4 14. dxe4 Bxb2 15. Qxb2
e5 16. Rd3 Qe7 17. Rad1 Rd8 18. Qd2 Be6 19. Bf1 Kf8 20. Be2 Rbc8 21. Rxd6 Rxd6
22. Qxd6 Qxd6 23. Rxd6 Ke7 24. Rd2 f6 25. Ne1 a5 26. a4 bxa3 27. Ra2 Kd6 28.
Rxa3 Ra8 29. Nd3 Nb4 30. Nb2 Bd7 31. Ra1 Bc6 32. f3 Kc7 33. Kf2 Kb6 34. h4 Rd8
35. Rd1 Rf8 36. Rd2 Kc7 37. Bf1 Bd7 38. Nd1 Bc6 39. Nc3 Rb8 40. Nd5+ Bxd5 41.
cxd5 Kd6 42. Bc4 Ra8 43. Bb5 Rb8 44. Bc4 Ra8 45. Bb5 1/2-1/2

[Event "World Blitz 2025"]
[Site "Doha QAT"]
[Date "2025.12.29"]
[Round "8.76"]
[White "Gharibyan, Mamikon"]
[Black "Can, Emre"]
[Result "1-0"]
[WhiteTitle "GM"]
[BlackTitle "GM"]
[WhiteElo "2491"]
[BlackElo "2541"]
[WhiteFideId "13308300"]
[BlackFideId "6302181"]
[EventDate "2025.12.29"]

1. d4 g6 2. c4 Bg7 3. e4 c5 4. d5 d6 5. Nf3 e6 6. Bd3 Ne7 7. O-O O-O 8. Nc3 a6
9. h3 h6 10. Bd2 Nd7 11. dxe6 fxe6 12. e5 Nxe5 13. Nxe5 dxe5 14. Be3 b6 15. Be4
Ra7 16. Qxd8 Rxd8 17. Na4 Bb7 18. f3 Nf5 19. Bf2 Bxe4 20. fxe4 Nd6 21. Rad1 Rb7
22. b4 Rbb8 23. Nxb6 cxb4 24. c5 Nxe4 25. Rxd8+ Rxd8 26. c6 Nxf2 27. c7 Re8 28.
Kxf2 e4 29. c8=Q Bd4+ 30. Ke2 Rxc8 31. Nxc8 a5 32. Ne7+ Kg7 33. Nc6 Bb6 34. Ne5
Bd4 35. Nc6 Bb6 36. Rf4 g5 37. Rxe4 Kf6 38. g4 Bc7 39. Kd3 1-0

[Event "World Blitz 2025"]
[Site "Doha QAT"]
[Date "2025.12.29"]
[Round "8.97"]
[White "Ibrahimli, Murad"]
[Black "Grebnev, Aleksey"]
[Result "1-0"]
[WhiteTitle "IM"]
[BlackTitle "GM"]
[WhiteElo "2438"]
[BlackElo "2632"]
[WhiteFideId "13410229"]
[BlackFideId "34189030"]
[EventDate "2025.12.29"]

1. d4 Nf6 2. c4 e6 3. Nf3 d5 4. g3 Bb4+ 5. Nbd2 dxc4 6. Bg2 Nc6 7. O-O c3 8. Nc4
O-O 9. Qb3 cxb2 10. Bxb2 Bd6 11. Rac1 Nd5 12. e4 Nb6 13. Nxd6 cxd6 14. d5 exd5
15. exd5 Ne7 16. Nd2 Bd7 17. Ba3 Ba4 18. Qd3 Qd7 19. Rfe1 Rfe8 20. h4 h6 21. Qd4
Rac8 22. Bb2 Nf5 23. Qf4 Rxe1+ 24. Rxe1 Rc2 25. Ba1 Rxa2 26. Bh3 Bc2 27. Ne4
Nxd5 28. Qxf5 Qxf5 29. Bxf5 Nb4 30. Bc3 Nd3 31. Re2 Bb3 32. Rxa2 Bxa2 33. Nxd6
Nc5 34. Bd4 b6 35. Nc8 Be6 36. Bxe6 Nxe6 37. Be3 b5 38. Nxa7 b4 39. Nc6 b3 40.
Bc1 Nc5 41. Na5 Kf8 42. Ba3 Ke8 43. Kf1 Kd7 44. Ke2 Ke6 45. Kd2 Ne4+ 46. Ke3 Nc5
47. Kd4 Nd7 48. Nxb3 Kf5 49. Ke3 Ne5 50. Ke2 Nc4 51. Bf8 Kg6 52. Nd2 Ne5 53. f4
Nd7 54. Be7 Kf5 55. Kf3 h5 56. Nf1 Ke6 57. Bb4 Nf6 58. Bc3 Ne8 59. Ne3 g6 60.
Be5 f6 61. Bb2 Nd6 62. Nc2 Nc4 63. Bc3 Nd6 64. Nd4+ Kd5 65. Ne2 Ke6 66. Nc1 Nb5
67. Bb2 Nd6 68. Nd3 Nc4 69. Bc3 Kf5 70. Nb4 g5 71. Nc2 gxh4 72. gxh4 Nd6 73.
Nd4+ Kg6 74. Bb4 Nc4 75. f5+ Kf7 76. Kf4 Nb2 77. Ke4 Nc4 78. Ne2 Kg7 79. Nf4 Kh6
80. Bf8+ Kh7 81. Nxh5 Kg8 82. Bc5 Kf7 83. Bd4 Nd6+ 84. Kf4 Ne8 85. Nxf6 Nc7 86.
Ne4 Nb5 87. Be5 Na3 88. h5 Nc4 89. Ng5+ Ke8 90. h6 Nb2 91. Bxb2 1-0

[Event "World Blitz 2025"]
[Site "Doha QAT"]
[Date "2025.12.29"]
[Round "8.98"]
[White "Suyarov, Mukhammadzokhid"]
[Black "Sklokin, Sergey"]
[Result "1-0"]
[WhiteTitle "IM"]
[BlackTitle "FM"]
[WhiteElo "2454"]
[BlackElo "2407"]
[WhiteFideId "14210495"]
[BlackFideId "55730230"]
[EventDate "2025.12.29"]

1. d4 d5 2. Nc3 Nf6 3. Bf4 e6 4. e3 Be7 5. g4 h6 6. Bg2 c5 7. h4 cxd4 8. exd4
Bd6 9. Bxd6 Qxd6 10. Qf3 Nc6 11. O-O-O h5 12. g5 Ng8 13. g6 fxg6 14. Kb1 Bd7 15.
Qe2 O-O-O 16. Nf3 Nge7 17. Ng5 Nf5 18. Nf7 Qf4 19. Nxh8 Rxh8 20. Bh3 Nfxd4 21.
Qd3 Nf5 22. Bxf5 gxf5 23. Rhg1 Qxh4 24. Rxg7 Qf6 25. Rdg1 h4 26. Qh3 a6 27. a3
Ne5 28. R1g5 d4 29. Ne2 d3 30. cxd3 Bb5 31. Nf4 Rd8 32. Qh1 Bc6 33. Qe1 Nf3 34.
Qa5 Qe5 35. Qxe5 Nxe5 36. Nxe6 Rxd3 37. Rg8+ Kd7 38. Nc5+ Kd6 39. Nxd3 Nxd3 40.
Rd8+ Bd7 41. Rxf5 Ne1 42. Rf7 Kd5 1-0

[Event "World Blitz 2025"]
[Site "Doha QAT"]
[Date "2025.12.29"]
[Round "8.99"]
[White "Sindarov, Islombek"]
[Black "Hong, Andrew"]
[Result "0-1"]
[WhiteTitle "CM"]
[BlackTitle "GM"]
[WhiteElo "2129"]
[BlackElo "2568"]
[WhiteFideId "14205475"]
[BlackFideId "2099438"]
[EventDate "2025.12.29"]

1. e4 c6 2. Nf3 d5 3. exd5 cxd5 4. g3 Nc6 5. Bg2 Nf6 6. O-O Bg4 7. d3 e6 8. b3
Be7 9. Bb2 O-O 10. c4 d4 11. a3 a5 12. Nbd2 Re8 13. Qc2 Bc5 14. Ng5 e5 15. Nge4
Bf8 16. Rfe1 Nd7 17. h3 Be6 18. Nf3 h6 19. Kh2 f5 20. Ned2 Qf6 21. Ng1 Bf7 22.
Ndf3 Nc5 23. Bc1 e4 24. dxe4 fxe4 25. Nd2 d3 26. Qb1 Qxf2 27. b4 Qxe1 28. bxc5
Bxc5 29. Ngf3 exf3 30. Nxf3 Qf2 0-1

[Event "World Blitz 2025"]
[Site "Doha QAT"]
[Date "2025.12.29"]
[Round "8.100"]
[White "George Samir, David"]
[Black "Sahidi, Samir"]
[Result "0-1"]
[WhiteTitle "IM"]
[BlackTitle "IM"]
[WhiteElo "2343"]
[BlackElo "2516"]
[WhiteFideId "10657789"]
[BlackFideId "14936372"]
[EventDate "2025.12.29"]

1. e4 e5 2. Nf3 Nc6 3. Bb5 Nf6 4. O-O Be7 5. d3 d6 6. d4 Bd7 7. Nc3 exd4 8. Nxd4
O-O 9. Bxc6 bxc6 10. Qf3 Re8 11. e5 dxe5 12. Nxc6 Bxc6 13. Qxc6 Qd6 14. Qc4 Qc5
15. Qe2 Rab8 16. Be3 Qc6 17. Rab1 a5 18. a4 h6 19. Rfd1 Rb4 20. Bd2 Bc5 21. Be3
Bd4 22. Nb5 Bxe3 23. Qxe3 Rxa4 24. Nc3 Rc4 25. Ra1 a4 26. h3 Rb4 27. Rab1 Qb6
28. Qxb6 cxb6 29. Rd6 Rc8 30. Na2 Rb5 31. Rd2 g6 32. Re2 Kg7 33. b3 axb3 34.
Rxb3 Rxb3 35. cxb3 Nd7 36. Rd2 Nc5 37. b4 Ne6 38. Rb2 Nd4 39. Kh2 Rc4 40. Rd2 b5
41. Rb2 f5 42. Rd2 Kf6 0-1

[Event "World Blitz 2025"]
[Site "Doha QAT"]
[Date "2025.12.29"]
[Round "8.101"]
[White "Mendonca, Leon Luke"]
[Black "Bai, Adelard"]
[Result "1-0"]
[WhiteTitle "GM"]
[BlackTitle "IM"]
[WhiteElo "2615"]
[BlackElo "2417"]
[WhiteFideId "35028561"]
[BlackFideId "16301188"]
[EventDate "2025.12.29"]

1. Nf3 c5 2. e3 Nf6 3. d4 e6 4. b3 b6 5. Bb2 Bb7 6. Bd3 Be7 7. O-O O-O 8. Nbd2
d5 9. a3 Nbd7 10. Ne5 Rc8 11. f4 Ne4 12. Qe2 f6 13. Nxd7 Qxd7 14. Nxe4 dxe4 15.
Bb5 Bc6 16. Bxc6 Qxc6 17. c4 cxd4 18. Bxd4 Rfd8 19. Rfd1 Bc5 20. Qb2 Qc7 21. Rd2
Bxd4 22. Rxd4 Rxd4 23. Qxd4 Rd8 24. Qxe4 Qe7 25. b4 Rd2 26. h3 Qd7 27. Rc1 f5
28. Qa8+ Kf7 29. c5 bxc5 30. Rxc5 Kg6 31. Kh2 Re2 32. Qf3 Qd3 33. Qg3+ Kf6 34.
Qg5+ Kf7 35. Rc7+ 1-0

[Event "World Blitz 2025"]
[Site "Doha QAT"]
[Date "2025.12.29"]
[Round "8.102"]
[White "Aravindh, Chithambaram VR."]
[Black "Suleymenov, Alisher"]
[Result "1/2-1/2"]
[WhiteTitle "GM"]
[BlackTitle "GM"]
[WhiteElo "2703"]
[BlackElo "2505"]
[WhiteFideId "5072786"]
[BlackFideId "13707833"]
[EventDate "2025.12.29"]

1. e4 e5 2. Nf3 Nf6 3. Nxe5 d6 4. Nf3 Nxe4 5. Nc3 Nxc3 6. dxc3 Be7 7. Be3 Nc6 8.
Qd2 Be6 9. O-O-O Qd7 10. Kb1 h6 11. h3 a6 12. Bd3 Bf6 13. Rhe1 O-O-O 14. Qe2 Ne5
15. Nxe5 Bxe5 16. f4 Bf6 17. g4 Qa4 18. b3 Qa5 19. Bd4 Bxd4 20. cxd4 Rhe8 21.
Qd2 Qxd2 22. Rxd2 Bd7 23. Rde2 Rxe2 24. Rxe2 Re8 25. Rxe8+ Bxe8 26. h4 f6 27. g5
c5 28. gxh6 gxh6 29. dxc5 dxc5 30. c3 Kd7 31. Kc2 Kd6 32. Kd2 a5 33. Ke3 Bc6 34.
a3 b6 35. b4 Bd5 36. Be4 Be6 37. Bf3 Bd5 38. Be2 Bc6 39. Bd3 Bd5 40. Bf1 Bc6 41.
Be2 Bd5 42. Bf1 Bc6 43. Be2 1/2-1/2

[Event "World Blitz 2025"]
[Site "Doha QAT"]
[Date "2025.12.29"]
[Round "8.103"]
[White "Wojtaszek, Radoslaw"]
[Black "Halkias, Stelios"]
[Result "1-0"]
[WhiteTitle "GM"]
[BlackTitle "GM"]
[WhiteElo "2667"]
[BlackElo "2503"]
[WhiteFideId "1118358"]
[BlackFideId "4201809"]
[EventDate "2025.12.29"]

1. d4 Nf6 2. Nf3 d5 3. g3 c6 4. c4 Bf5 5. Nc3 e6 6. Qb3 Qb6 7. c5 Qc7 8. Bf4 Qc8
9. Bg2 h6 10. O-O Nbd7 11. Rac1 Be7 12. Nd2 O-O 13. e4 dxe4 14. Ndxe4 Nxe4 15.
Nxe4 Bxe4 16. Bxe4 Nf6 17. Bb1 Nd5 18. Qd3 f5 19. Be5 Bf6 20. Rfe1 Qd7 21. a3
Rad8 22. Ba2 Kh8 23. Rcd1 Qf7 24. Bd6 Rfe8 25. Bxd5 cxd5 26. b4 Rc8 27. b5 Qd7
28. a4 b6 29. Rc1 bxc5 30. Bxc5 f4 31. a5 e5 32. dxe5 Bxe5 33. b6 axb6 34. axb6
fxg3 35. hxg3 Rb8 36. Bd4 Bxd4 37. Rxe8+ Qxe8 38. Qxd4 Qg6 39. Rc7 Rxb6 40. Qxd5
Rb8 41. Rc6 Qe8 42. Kg2 Qg8 43. Qe5 Re8 44. Rxh6+ 1-0

[Event "World Blitz 2025"]
[Site "Doha QAT"]
[Date "2025.12.29"]
[Round "8.104"]
[White "Rakotomaharo, Fy Antenaina"]
[Black "Donchenko, Alexander"]
[Result "0-1"]
[WhiteTitle "IM"]
[BlackTitle "GM"]
[WhiteElo "2434"]
[BlackElo "2661"]
[WhiteFideId "13100050"]
[BlackFideId "24603295"]
[EventDate "2025.12.29"]

1. d4 Nf6 2. Nf3 g6 3. Bg5 Bg7 4. Nbd2 d5 5. e3 O-O 6. Be2 c5 7. c3 Qb6 8. Qc1
Nc6 9. O-O Bf5 10. h3 Rac8 11. a3 Rfd8 12. Rd1 h6 13. Bf4 g5 14. Bh2 cxd4 15.
exd4 Ne4 16. Nf1 Bg6 17. Ne3 Na5 18. Re1 Nb3 19. Qd1 Rxc3 20. Ne5 Bxe5 21. Bxe5
Rcc8 22. Rb1 Ned2 23. Ra1 Nxa1 24. Qxa1 f6 25. Bg3 Ne4 26. Bh2 Qxd4 27. Rd1 Qb6
28. Bg4 e6 29. b4 Nc3 30. Re1 d4 31. Nf1 e5 32. Bxc8 Rxc8 33. Ng3 d3 34. Qb2 Qd4
35. Qd2 Nd5 36. Nf1 Rc2 0-1

[Event "World Blitz 2025"]
[Site "Doha QAT"]
[Date "2025.12.29"]
[Round "8.105"]
[White "Bilguun, Sumiya"]
[Black "Petrov, Nikita"]
[Result "1-0"]
[WhiteTitle "GM"]
[BlackTitle "GM"]
[WhiteElo "2442"]
[BlackElo "2578"]
[WhiteFideId "4901541"]
[BlackFideId "4101286"]
[EventDate "2025.12.29"]

1. e4 e5 2. Nf3 Nc6 3. d4 exd4 4. Nxd4 Nf6 5. Nc3 Bb4 6. Nxc6 bxc6 7. Bd3 d5 8.
exd5 O-O 9. O-O cxd5 10. Bg5 c6 11. Qf3 Rb8 12. Bxf6 Qxf6 13. Qxf6 gxf6 14. Ne2
Bd6 15. b3 Bd7 16. Rad1 Rfe8 17. Ng3 Re5 18. f4 Re3 19. Nh5 Be7 20. Rde1 Rxe1
21. Rxe1 Re8 22. Kf1 h6 23. Re3 Kf8 24. Rg3 c5 25. Rg7 Rb8 26. Rh7 Bd8 27. c4 d4
28. Rxh6 Rb6 29. Rh8+ Ke7 30. Ng3 Bc7 31. Ne2 a5 32. h4 a4 33. Bc2 axb3 34. axb3
Ra6 35. h5 Ra2 36. Be4 Bg4 37. Bf3 Bxf3 38. gxf3 d3 39. Nc3 Ra1+ 40. Kf2 Bxf4
41. h6 Rh1 42. h7 Be5 43. Nd5+ Kd7 44. Ke3 f5 45. Ra8 Rxh7 46. Kxd3 Rh3 47. Ke3
Rh4 48. Ra7+ Ke6 49. Ra6+ Kd7 50. Ra7+ Ke6 51. Re7+ Kd6 52. Rxf7 Ke6 53. Rb7
Bd4+ 54. Kd3 Rh3 55. Nf4+ 1-0

[Event "World Blitz 2025"]
[Site "Doha QAT"]
[Date "2025.12.29"]
[Round "8.106"]
[White "Quparadze, Giga"]
[Black "Chanda, Sandipan"]
[Result "1-0"]
[WhiteTitle "GM"]
[BlackTitle "GM"]
[WhiteElo "2502"]
[BlackElo "2490"]
[WhiteFideId "13602250"]
[BlackFideId "5004225"]
[EventDate "2025.12.29"]

1. e4 e6 2. d4 d5 3. Nc3 dxe4 4. Nxe4 Nd7 5. Nf3 Ngf6 6. Nxf6+ Nxf6 7. c3 c5 8.
Be3 Qc7 9. Ne5 a6 10. Qa4+ Bd7 11. Nxd7 Nxd7 12. g3 b6 13. Bg2 b5 14. Qc2 Rd8
15. a4 cxd4 16. Bxd4 e5 17. Qe2 Be7 18. Be3 b4 19. O-O bxc3 20. bxc3 a5 21. Rab1
O-O 22. Rb7 Qc8 23. Qb5 f5 24. Bd5+ Kh8 25. Be6 f4 26. gxf4 exf4 27. Bd4 Qa8 28.
Rxd7 Rxd7 29. Qxd7 Bf6 30. Bxf6 gxf6 31. Bd5 Qa6 32. c4 f5 33. Kh1 1-0

[Event "World Blitz 2025"]
[Site "Doha QAT"]
[Date "2025.12.29"]
[Round "8.107"]
[White "Haug, Havard"]
[Black "Davtyan, Artur"]
[Result "1-0"]
[WhiteTitle "FM"]
[BlackTitle "IM"]
[WhiteElo "2416"]
[BlackElo "2474"]
[WhiteFideId "1547887"]
[BlackFideId "13308327"]
[EventDate "2025.12.29"]

1. d4 Nf6 2. Bg5 b6 3. Bxf6 exf6 4. Nf3 Bb7 5. g3 g6 6. Bg2 Bg7 7. O-O O-O 8. e3
f5 9. Nfd2 Bxg2 10. Kxg2 Re8 11. h4 h5 12. c4 c5 13. Nf3 Nc6 14. Nc3 cxd4 15.
exd4 Qf6 16. Qd2 Kh8 17. Nd5 Qd6 18. Rfe1 Kg8 19. Rxe8+ Rxe8 20. Re1 Re6 21. b3
Nxd4 22. Nxd4 Rxe1 23. Qxe1 Bxd4 24. Qe8+ Kg7 25. Qe2 Kh7 26. Qd3 Bg7 27. Nf4
Qc6+ 28. Qd5 Bh6 29. Qxc6 dxc6 30. Nd3 Kg8 31. Ne5 c5 32. Nc6 f4 33. Nxa7 fxg3
34. fxg3 Bd2 35. Nc8 Ba5 36. Ne7+ Kf8 37. Nd5 Ke8 38. a3 Bd2 39. Nxb6 Bc1 40. a4
Bd2 41. Nd5 Kd7 42. Nf6+ Kc6 43. Ne4 Bb4 44. Ng5 f6 45. Ne6 Bd2 46. Kf3 g5 47.
Ng7 gxh4 48. gxh4 Be1 49. Nf5 Kd7 50. Ng3 Kc6 51. Kg2 Kd6 52. Kh3 Ke5 53. Nxh5
f5 54. Ng3 f4 55. Nf1 Kf5 56. Nh2 Ke4 57. Kg4 Kd3 58. Nf3 Bc3 59. Kxf4 Kc2 60.
Ke4 Kxb3 61. Kd5 Kxa4 62. Kxc5 Ka5 63. h5 Bg7 64. Nh4 Bf8+ 65. Kd5 Kb6 66. Nf5
Kc7 67. h6 1-0

[Event "World Blitz 2025"]
[Site "Doha QAT"]
[Date "2025.12.29"]
[Round "8.108"]
[White "Anton Guijarro, David"]
[Black "Anwoir, Tarik"]
[Result "1-0"]
[WhiteTitle "GM"]
[WhiteElo "2646"]
[BlackElo "2098"]
[WhiteFideId "2285525"]
[BlackFideId "9004904"]
[EventDate "2025.12.29"]

1. d4 d5 2. Nf3 Nf6 3. e3 Bg4 4. h3 Bxf3 5. Qxf3 c6 6. Bd3 Nbd7 7. c4 e6 8. Nc3
Bb4 9. Bd2 O-O 10. a3 Bxc3 11. Bxc3 Re8 12. O-O a6 13. Qd1 b5 14. b3 h6 15. Qc2
Nf8 16. a4 Qb6 17. cxb5 cxb5 18. axb5 axb5 19. Bb4 Rec8 20. Bc5 Qb7 21. Qe2 N8d7
22. b4 Rxa1 23. Rxa1 Ra8 24. Rxa8+ Qxa8 25. Bxb5 Nxc5 26. dxc5 Qa1+ 27. Kh2 Qe5+
28. g3 d4 29. Bd3 dxe3 30. Qxe3 Qb2 31. c6 Qxb4 32. c7 Qc3 33. Bh7+ 1-0

[Event "World Blitz 2025"]
[Site "Doha QAT"]
[Date "2025.12.29"]
[Round "8.77"]
[White "Harshavardhan, G B"]
[Black "Warmerdam, Max"]
[Result "1-0"]
[WhiteTitle "IM"]
[BlackTitle "GM"]
[WhiteElo "2477"]
[BlackElo "2573"]
[WhiteFideId "25059009"]
[BlackFideId "1048104"]
[EventDate "2025.12.29"]

1. e4 c5 2. Nf3 d6 3. d4 cxd4 4. Nxd4 Nf6 5. Nc3 Nc6 6. Bg5 Bd7 7. Qd2 a6 8.
O-O-O e6 9. f3 Be7 10. Nxc6 Bxc6 11. Kb1 Qc7 12. h4 h6 13. Be3 d5 14. e5 Nd7 15.
f4 h5 16. Bd3 g6 17. Ne2 Bb5 18. Nd4 Bxd3 19. cxd3 Bc5 20. Nb3 Be7 21. Rc1 Qd8
22. Na5 Qb8 23. Qc2 Bd8 24. Qa4 O-O 25. Qxd7 Bxa5 26. Qa4 Qd8 27. g4 d4 28. Bxd4
b5 29. Qa3 Qxd4 30. Qxa5 Qxd3+ 31. Ka1 hxg4 32. h5 Rfc8 33. Rcd1 Qf5 34. hxg6
Qxg6 35. a3 g3 36. Qb6 g2 37. Rh3 Qg4 38. Rhd3 Kf8 39. Qf2 Rc6 40. Rg1 Rac8 41.
Rxg2 Qf5 42. Qd4 R6c7 43. Ka2 b4 44. Qxb4+ Re7 45. Rd7 Re8 46. Rxe7 Rxe7 47. Rd2 1-0

[Event "World Blitz 2025"]
[Site "Doha QAT"]
[Date "2025.12.29"]
[Round "8.78"]
[White "Zhang, Zhong"]
[Black "Altini, Nicola"]
[Result "1/2-1/2"]
[WhiteTitle "GM"]
[BlackTitle "IM"]
[WhiteElo "2561"]
[BlackElo "2360"]
[WhiteFideId "8600694"]
[BlackFideId "833924"]
[EventDate "2025.12.29"]

1. e4 c5 2. Nf3 g6 3. c3 d5 4. exd5 Qxd5 5. d4 Bg7 6. Be3 cxd4 7. Bxd4 Nf6 8.
Nbd2 Nc6 9. Bc4 Qh5 10. Be3 O-O 11. Be2 Qd5 12. Nc4 Be6 13. O-O Rfd8 14. h3 Rac8
15. Ncd2 h6 16. Re1 Bf5 17. Nd4 Nxd4 18. Bxd4 b6 19. Qa4 e5 20. Bf3 e4 21. Be2
a5 22. Qb3 Qxb3 23. axb3 Nd5 24. Bxg7 Kxg7 25. Nc4 e3 26. fxe3 b5 27. Nxa5 Nxe3
28. Rac1 Rd2 29. Bf3 Re8 30. Nc6 Rxb2 31. Nd4 Bd3 32. Bc6 Re7 33. Bf3 Kf8 34.
Nc6 Re6 35. Nb4 Bf5 36. Nd5 Nxd5 37. Bxd5 Rd6 38. Bf3 Rxb3 39. c4 bxc4 40. Rxc4
Be6 41. Rf4 Kg7 42. h4 h5 43. Rfe4 Rbd3 44. R4e3 Rxe3 45. Rxe3 Kf6 46. Kf2 Rd4
47. g3 Rd2+ 48. Re2 Rd4 49. Re4 Rd3 50. Re3 Rd8 51. Re4 Rb8 52. Rf4+ Bf5 53. Rd4
Rb2+ 54. Ke3 Rb3+ 55. Kf2 Be6 56. Rf4+ Kg7 57. Rd4 Kh6 58. Rf4 Ra3 59. Rd4 Kg7
60. Rf4 Rc3 61. Rd4 Rc4 62. Rxc4 Bxc4 63. Ke3 Kf6 64. Kf4 Be6 65. Be2 Bf5 66.
Bc4 Be6 67. Bd3 Kg7 68. Be2 f6 69. Bd1 Kh6 70. Be2 g5+ 71. hxg5+ fxg5+ 72. Ke3
Kg6 73. Kf2 Bf7 74. Bf3 Kf6 75. Be2 Ke5 76. Bf3 g4 77. Be2 Kd4 78. Bb5 Ke5 79.
Ke3 Kf5 80. Bd3+ Kg5 81. Be2 h4 82. gxh4+ Kxh4 83. Bxg4 1/2-1/2

[Event "World Blitz 2025"]
[Site "Doha QAT"]
[Date "2025.12.29"]
[Round "8.79"]
[White "Henriquez Villagra, Cristobal"]
[Black "Rami, Talab"]
[Result "0-1"]
[WhiteTitle "GM"]
[WhiteElo "2598"]
[BlackElo "2173"]
[WhiteFideId "3409350"]
[BlackFideId "7609787"]
[EventDate "2025.12.29"]

1. e4 c6 2. d4 d5 3. e5 Bf5 4. h4 h5 5. c4 e6 6. Nc3 Ne7 7. Bg5 Qd7 8. Nge2 dxc4
9. Ng3 Bg6 10. Bxc4 Nd5 11. O-O Na6 12. Nxd5 cxd5 13. Be2 Be7 14. Qb3 O-O 15.
Bxh5 Bxh5 16. Nxh5 f6 17. exf6 gxf6 18. Qd3 Qe8 19. Bh6 Qxh5 20. Bxf8 Rxf8 21.
Rfe1 Kf7 22. Qh3 Nc7 23. Rac1 Bd6 24. Rc3 f5 25. Rb3 Rb8 26. g3 Qh8 27. Rd1 Qf6
28. Qf1 b6 29. Qe2 Rg8 30. Kf1 f4 31. Qh5+ Ke7 32. Rf3 Nb5 33. Qh7+ Rg7 34. Qd3
Nc7 35. Rc1 Qh6 36. Rc3 Rg4 37. a3 Kd7 38. b4 Rg7 39. Qc2 b5 40. Rb3 fxg3 41.
fxg3 Qh5 42. Qd3 Qg4 43. Rc3 Qh3+ 44. Ke1 a6 45. Kd1 Qg2 46. Kc1 Qh2 47. Kb1
Qg1+ 48. Kb2 Qg2+ 49. Rc2 Qg1 50. Qc3 Rxg3 51. Qd3 Rxf3 52. Qxf3 Qxd4+ 53. Kb1
Qxh4 54. Qf7+ Qe7 55. Qg8 Qe8 56. Qh7+ Qe7 57. Qg8 d4 58. Qg2 e5 59. Qc6+ Ke6
60. Qe4 Qf7 61. Rh2 Qf1+ 62. Kb2 Qf6 63. Rg2 Qf4 64. Qg6+ Kd5 65. Rc2 d3 66. Rc3
e4 67. Qg8+ Ne6 68. Qa8+ Ke5 69. Qxa6 Qd2+ 0-1

[Event "World Blitz 2025"]
[Site "Doha QAT"]
[Date "2025.12.29"]
[Round "8.80"]
[White "Berend, Fred"]
[Black "Motylev, Alexander"]
[Result "0-1"]
[WhiteTitle "IM"]
[BlackTitle "GM"]
[WhiteElo "2213"]
[BlackElo "2573"]
[WhiteFideId "4000102"]
[BlackFideId "4121830"]
[EventDate "2025.12.29"]

1. e4 c5 2. Nc3 Nc6 3. g3 g6 4. Bg2 Bg7 5. d3 e6 6. Be3 d6 7. f4 Nge7 8. Nf3 Nd4
9. O-O O-O 10. Qd2 f5 11. Rae1 Rb8 12. Nd1 Nxf3+ 13. Bxf3 b6 14. c3 Bb7 15. Qg2
Qd7 16. exf5 exf5 17. Bxb7 Qxb7 18. Bf2 Qxg2+ 19. Kxg2 Kf7 20. Re2 b5 21. Rfe1
Rb7 22. b3 a5 23. c4 b4 24. Ne3 a4 25. Nd5 Nxd5 26. cxd5 axb3 27. axb3 Ra8 28.
Re6 Rd7 29. Kf3 Ra3 30. Rb1 Bf8 31. h3 Ra2 32. g4 Rda7 33. gxf5 gxf5 34. Bh4 Bg7
35. Rxd6 Rd2 36. Ke3 Rh2 37. Bg3 Bd4+ 38. Kf3 Rd2 39. h4 Raa2 0-1

[Event "World Blitz 2025"]
[Site "Doha QAT"]
[Date "2025.12.29"]
[Round "8.81"]
[White "Saraci, Nderim"]
[Black "Al Hosani, Omran"]
[Result "0-1"]
[WhiteTitle "IM"]
[BlackTitle "IM"]
[WhiteElo "2461"]
[BlackElo "2340"]
[WhiteFideId "6351921"]
[BlackFideId "9308733"]
[EventDate "2025.12.29"]

1. Nf3 d6 2. d4 Nd7 3. e4 e5 4. Nc3 Ngf6 5. Bc4 Be7 6. O-O O-O 7. Re1 c6 8. a4
h6 9. h3 Re8 10. Be3 Qc7 11. Qd2 Bf8 12. Rad1 a6 13. dxe5 Nxe5 14. Be2 b5 15.
Nxe5 dxe5 16. Bd3 Bb7 17. Ne2 c5 18. Ng3 c4 19. Bf1 Rad8 20. Qc1 Rxd1 21. Qxd1
Nxe4 22. Nxe4 Bxe4 23. axb5 axb5 24. Bxh6 Bg6 25. Be3 Rd8 26. Qc1 b4 27. c3 b3
28. Rd1 Rxd1 29. Qxd1 f6 30. Be2 Bf7 31. h4 Qa5 32. Qd7 Qa1+ 33. Kh2 Qxb2 34.
Bg4 Qa3 35. Be6 Qe7 36. Bxf7+ Qxf7 37. Qb5 Kh7 38. g3 Ba3 39. Qa4 b2 0-1

[Event "World Blitz 2025"]
[Site "Doha QAT"]
[Date "2025.12.29"]
[Round "8.82"]
[White "Ammar, Sedrani"]
[Black "Vakhidov, Jakhongir"]
[Result "0-1"]
[WhiteTitle "FM"]
[BlackTitle "GM"]
[WhiteElo "2203"]
[BlackElo "2516"]
[WhiteFideId "9312331"]
[BlackFideId "14201801"]
[EventDate "2025.12.29"]

1. d4 Nf6 2. Bg5 d5 3. e3 c5 4. Bxf6 gxf6 5. c4 cxd4 6. Qxd4 dxc4 7. Qxd8+ Kxd8
8. Bxc4 e6 9. Nc3 Nc6 10. Nge2 Bd7 11. O-O-O Ke7 12. Kb1 Bg7 13. Rd2 Rhd8 14.
Rhd1 f5 15. h3 a6 16. Bb3 Na5 17. Nd4 Be8 18. Rd3 Rdc8 19. g4 fxg4 20. hxg4 Bxd4
21. Rxd4 Nxb3 22. axb3 Bc6 23. Ne4 Rg8 24. f3 Rad8 25. Rxd8 Rxd8 26. Rh1 Bxe4+
27. fxe4 Rd3 28. Rh3 Rxb3 29. Kc2 Rb4 30. Kd3 Rxb2 31. Rxh7 Rg2 32. Rh8 Kd7 33.
Rf8 Ke7 34. Rc8 b5 35. e5 Rxg4 36. Rc7+ Kf8 0-1